| 000 | 00619 a2200169 4500 | ||
|---|---|---|---|
| 020 | _a9694071763 | ||
| 020 | _a9789694071763 | ||
| 090 |
_c2246 _d2246 |
||
| 100 | 1 | _aHumayun, Syed. | |
| 245 | 1 | 0 |
_aSheikh mujib's 6-point formula : _ban analytical study of the breakup of pakistan / _cSyed Humayun. |
| 260 |
_a[S.l.] : _bRoyal Book Co, _c1995. |
||
| 300 | _a496 p. | ||
| 500 | _aUnknown Binding. | ||
| 856 | 4 | 0 |
_3Amazon.com _uhttp://www.amazon.com/exec/obidos/ASIN/9694071763/chopaconline-20 |
| 856 | 4 | 0 |
_3Amazon customer reviews _uhttp://www.chopac.org/cgi-bin/tools/azrev.pl?q=9694071763 |
| 942 |
_aNBS _cBK _k954.92 HUM |
||
| 999 |
_c344748 _d344748 |
||